Missing Word: Books Beginning with 'S' Quiz Stats

 Plays Quiz Updated May 25, 2015

Challenge
Share
Tweet
Embed
Score 0/20 Timer 04:00
0 Plays Today
Books Answer % Correct
The Silence of the ____Lambs
97.1%
The Scarlet ____Letter
94.7%
The Swiss ____ RobinsonFamily
93.5%
Sense and ____Sensibility
93.1%
Sophie's ____Choice
91.8%
The Secret ____ of BeesLife
91.4%
The Sun Also ____Rises
91.1%
Slaughterhouse-____Five
87.3%
The Spy Who ____ MeLoved
85.6%
The Strange Case of Dr. ____ and Mr. HydeJekyll
84.9%
Books Answer % Correct
The Sound and the ____Fury
81%
Shutter ____Island
80.2%
The Secret ____Garden
75.1%
Strangers on a ____Train
71.3%
Something ____ This Way ComesWicked
65.5%
The Sum of All ____Fears
61.4%
Song of ____Solomon
52.5%
Sons and ____Lovers
52.1%
Starship ____Troopers
42.5%
A Short History of ____ EverythingNearly
42.4%

Today's Daily Dose

You're not logged in!

Compare scores with friends on all Sporcle quizzes.
Join for Free
OR
Log In

You Might Also Like...

Show Comments

Extras

Top Quizzes Today


Score Distribution

Your Account Isn't Verified!

In order to create a playlist on Sporcle, you need to verify the email address you used during registration. Go to your Sporcle Settings to finish the process.

Report this User

Report this user for behavior that violates our Community Guidelines.

Details: